000 00569nam a2200181Ia 4500
001 24498
005 20260414151047.0
008 260414t2019||||xx |||||||||||||| ||spa||
041 _aESP
082 _a345.71
_bD84 T. 2
100 _aDivisión de Estudios Jurídicos de Gaceta Jurídica
_eAUT
245 0 _aGuía total de procesos civiles de consulta rápida para el abogado litigante :
_bprocesos cautelares, de ejecución y no contenciosos
260 _c2019
300 _a542 páginas :
_c25 cm.
650 _aDER
654 _aCDE
942 _cLIB
_dJUS
_fJUS
_2ddc
_n
999 _c24498
_d24498